Представление документа в формате MARC21

Поле Инд. ПП Название Значение
Тип записи a
Библиографический уровень b
001 Контрольный номер RU/IS/BASE/289328445
005 Дата корректировки 20200630193124.1
008 Кодируемые данные 20090302
040 b Код языка каталог. rus
e Правила каталог. PSBO
041 0_ a Код языка текста rus
084 a Индекс другой классификации/Индекс ББК 76.103(4Гем); 81.432.4-8-03; 60.028.13
100 1_ a Автор Харькова О. В.
245 10 a Заглавие Шрифт как инструмент воздействия на массовое сознание в прессе Третьего Рейха
504 a Библиография Библиогр.: с. 77 - 78
650 04 a Основная рубрика книговедение; история книги
a Основная рубрика письмо; история языка
a Основная рубрика социальная философия
a Основная рубрика филологические науки
a Основная рубрика частное языкознание
a Основная рубрика языкознание
a Основная рубрика философия
a Основная рубрика графика
653 0_ a Ключевые слова XX век
a Ключевые слова антиква
a Ключевые слова воздействие на массы
a Ключевые слова газетный текст
a Ключевые слова газеты
a Ключевые слова Германия
a Ключевые слова идеология
a Ключевые слова массовое сознание
a Ключевые слова немецкий язык
a Ключевые слова периодическая печать
a Ключевые слова Третий рейх
a Ключевые слова фрактура
a Ключевые слова шрифтовое оформление
a Ключевые слова шрифты
773 08 t Заглавие источника Вестник Московского университета. Серия 9, Филология
d Дата издания источника 2008
g Прочая информация № 1. - С. 71 - 78
w Контрольный № источника RU/IS/BASE/286474501
901 t Тип документа b